Slovo k ochotnictvu o dramaturgii a kritice s bibliografií /

Main Author: Janský, Emanuel, 1900-1965
Language: Czech
Published: V Praze : A. Neubert, 1945
Edition: Vydání prvé
Physical Description: 67, [III] s. ; 8°
Book
Saved in:
LEADER 00843cam a22002412a 4500
001 001920189
003 CZ BrMZK
005 20250103095713.0
007 ta
008 250103s1945 xr er|||||||||||cze d
015 |a cnb000499023 
035 |a (OCoLC)85299352 
040 |a ABA001  |b cze  |c ABA001  |d ABA001  |d BOA001  |e aacr2 
100 1 |a Janský, Emanuel,  |d 1900-1965  |7 jz6300297  |4 aut 
245 1 0 |a Slovo k ochotnictvu o dramaturgii a kritice s bibliografií /  |c Em. Janský 
250 |a Vydání prvé 
260 |a V Praze :  |b A. Neubert,  |c 1945 
300 |a 67, [III] s. ;  |c 8° 
910 |a BOA001  |b 2-0182.222 
990 |a BK 
991 |b 202501 
996 6 |b 2618782160  |c 2-0182.222  |l MZK  |r Sklad / do 24 hodin  |n 0  |w 001989554  |u 000020  |a 1  |e BOA001  |j MZK50  |s P 
996 7 |b 2618782161  |c 2-0182.222  |l MZK  |r Sklad / do 24 hodin  |n 0  |w 001989554  |u 000010  |a 1  |e BOA001  |j MZK50  |s A